Provisional housing statistics (Record no. 71013)

MARC details
000 -LEADER
fixed length control field 01035cam a2200193 4500
001 - CONTROL NUMBER
control field WB3831-22
008 - FIXED-LENGTH DATA ELEMENTS--GENERAL INFORMATION
fixed length control field 020828n2002 000 0 eng u
035 ## - SYSTEM CONTROL NUMBER
System control number (Sirsi) u119441
245 ## - TITLE STATEMENT
Title Provisional housing statistics
260 ## - PUBLICATION, DISTRIBUTION, ETC.
Date of publication, distribution, etc. 2002
490 ## - SERIES STATEMENT
Series statement RICS Residential Faculty News
Volume/sequential designation 22 August 2002, (1)
520 ## - SUMMARY, ETC.
Summary, etc. Provisional results from the latest "Survey of English housing" have been published on the ODPM website. Key statistics for 2001-02 reveal that 14.5m owned their home, while 4.1m rented from the social sector and 2m rented privately. The full report will be published in a few months and results should be similar to the preview. "Survey of English housing provisional results: 2001-02" available at www.housing.odpm.gov.uk/statistics/publicat/summaries/013/pdf/hss013.pdf www.rics.org/ricscms/bin/show?class=News&template=/includes/shownews.html&id=3465
590 ## - LOCAL NOTE (RLIN)
Local note WB
650 ## - SUBJECT ADDED ENTRY--TOPICAL TERM
Topical term or geographic name entry element HOUSING STATISTICS
650 ## - SUBJECT ADDED ENTRY--TOPICAL TERM
Topical term or geographic name entry element ENGLISH HOUSING SURVEY
650 ## - SUBJECT ADDED ENTRY--TOPICAL TERM
Topical term or geographic name entry element HOUSEHOLDS
690 ## - LOCAL SUBJECT ADDED ENTRY--TOPICAL TERM (OCLC, RLIN)
Topical term or geographic name as entry element HOUSING
942 ## - ADDED ENTRY ELEMENTS (KOHA)
Suppress in OPAC 0
Holdings
Withdrawn status Lost status Source of classification or shelving scheme Damaged status Not for loan Home library Current library Shelving location Date acquired Total Checkouts Full call number Barcode Date last seen Copy number Price effective from Koha item type
    Dewey Decimal Classification     London London News article 28/08/2002   WB3831-22 119441-1001 06/08/2019 1 06/08/2019 News article